Motívy a bariéry nákupu udržateľnej módy generácie Z

Predložený príspevok je zameraný na motívy a bariéry udržateľnej módy. Cieľom príspevku je prezentovať výsledky výskumu zameraného na identifikáciu hlavných motívov a bariér tvorby udržateľnej módnej generácie Z. Súčasná generácia mladých ľudí vyrastá v dobe, ktorá je silne ovplyvnená klimatickými z...

ver descrição completa

Na minha lista:
Detalhes bibliográficos
Autor principal: Gundová, Petra
Outros Autores: Volovská, Viktória
Formato: Capítulo de Livro
Idioma:eslovaco
Assuntos:
Tags: Adicionar Tag
Sem tags, seja o primeiro a adicionar uma tag!

MARC

LEADER 00000naa a2200000 4500
001 0307805
005 20250324124021.7
041 0 |a slo 
044 |a SK 
245 1 0 |a Motívy a bariéry nákupu udržateľnej módy generácie Z  |c Petra Gundová, Viktória Volovská 
520 |a Predložený príspevok je zameraný na motívy a bariéry udržateľnej módy. Cieľom príspevku je prezentovať výsledky výskumu zameraného na identifikáciu hlavných motívov a bariér tvorby udržateľnej módnej generácie Z. Súčasná generácia mladých ľudí vyrastá v dobe, ktorá je silne ovplyvnená klimatickými zmenami a udržateľnosťou. Generácia Z je známa tým, že je doteraz najšetrnejšou generáciou k životnému prostrediu. Je pravdepodobnejšie, že než predchádzajúce generácie sa budú starať o udržateľnosť a podniknúť kroky na zníženie svojho vplyvu na životné prostredie. Prvá časť príspevku je zameraná na teoretické vymedzenie udržateľnej módy pomocou sekundárnych údajov. Toto teoretické východisko je definované na základe obsahovej analýzy domácej a zahraničnej literatúry. V nadväznosti na cieľ príspevku sú v ďalšej časti prezentované výsledky empirického výskumu založeného na výskume. Primárne údaje boli získané pomocou dotazníka. Výsledky výskumu potvrdzujú, že najdôležitejším faktorom pri nákupe udržateľnej módy je kvalita produktu a hlavnou bariérou udržateľnej módy je cena produktu. 
610 2 0 |a priemysel odevný 
610 2 0 |a správanie spotrebiteľa 
610 2 0 |a udržateľnosť 
100 1 |a Gundová, Petra 
700 1 |a Volovská, Viktória